000 00757nam a2200253 a 4500
001 BRCA_467
005 20190320203025.0
008 281107s1987----enka######---#000-0#eng-#
020 _a1850761078
041 _aeng
044 _aenk
050 4 _aNK4670
_b.R55 1987
100 1 _aRiley, Noël
_91603
245 1 0 _aTile art
_ba history of decorative ceramic tiles
_cNoël Riley.
260 _aLondres
_bThe Apple Press
_c1987
300 _a128 p.
_bil. a color
_c29 cm.
500 _aIncluye índice alfabético
504 _aBibliografía : p. 126
650 1 4 _aAzulejos
_xArte
_91604
650 1 4 _aAzulejos islámicos
_xHistoria
_91605
650 1 4 _aAzulejos europeos
_xHistoria
_91606
650 1 4 _aAzulejos
_xColecciones privadas
_91607
942 _2lcc
_cB
999 _c402
_d402